El florecimiento del capitalismo y otros ensayos de historia económica

Zapisane w:
Opis bibliograficzny
1. autor: Hamilton, Earl J (Autor)
Format: Książka
Język:hiszpański
Wydane: Madrid, España Revista de Occidente 1948
Seria:Biblioteca de la Ciencia Económica, 8
Hasła przedmiotowe:
Etykiety: Dodaj etykietę
Nie ma etykietki, Dołącz pierwszą etykiete!

MARC

LEADER 00000nam a2200000 a 4500
001 UCO1602
003 CL-VaPUC
005 20211216172554.0
008 000519e19480000SP |||||||||||||||||spa|d
999 |c 288207  |d 288205 
040 |c Pontificia Universidad Católica de Valparaíso 
082 0 4 |a 330.946 HAM 1948  |2 21 
100 |a Hamilton, Earl J  |e author  |9 443950 
245 1 3 |a El florecimiento del capitalismo y otros ensayos de historia económica 
260 |a Madrid, España  |b Revista de Occidente  |c 1948 
300 |a 250 páginas 
490 0 |a Biblioteca de la Ciencia Económica,  |v  8 
583 |a last modification  |c 20000519 00:00:00  |k Rodrigo Vera 
650 7 |a ECONOMIA ESPAÑOLA  |2 CL-VaPUC  |9 314036  |y SIGLOS 16-18 
650 0 |a Capitalismo  |z ESPAÑA  |9 255255 
650 0 |a Colonias españolas  |9 267778 
852 |a BIBCUR 
942 |c BK  |2 ddc 
945 |d 20000519 00:00:00  |a rherrera 
952 |0 0  |1 0  |2 ddc  |4 0  |6 330_946000000000000_HAM_1948  |7 0  |8 X  |9 335751  |a BIBHIS  |b BIBHIS  |d 2019-11-20  |i 1281305  |o 330.946 HAM 1948  |p 1281305  |r 2024-01-30  |t 1  |w 2019-11-20  |y BK_X  |k HIS